Lil Uzi Vert - Wszystkie albumy - Statystyki

Ogólne statystyki
  • Ten quiz został rozwiązany 46 razy
  • Średni wynik to 7 z 9
Statystyki odpowiedzi
Hint Odpowiedź % Poprawnych
2020 Eternal Atake
97%
2015 Luv Is Rage
97%
2017 Luv Is Rage 2
94%
2024 Eternal Atake 2
91%
2023 Pink Tape
89%
2016 Lil Uzi Vert vs. The World
66%
2016 The Perfect LUV Tape
54%
2020 Pluto x Baby Pluto
49%
2020 LUV vs.The World 2
46%
Nie znaleziono quizów pasujących do podanych kryteriów
Rozkład punktacji
Procent ludzi z każdym wynikiem
Percentyl według liczby udzielonych odpowiedzi
Twoja historia wyników
Nie rozwiązałeś tego quizu